Statistics for Biggest Cities of the Empire of Alexander the Great with a Map

Click here to take the quiz!

General Stats

  • This quiz has been taken 233 times
  • The average score is 17 of 51

Answers on the Map

Answers color-coded by a green-red scale on the quiz's map according to % correct below.
 

Answer Stats

PopulationCities% Correct
300kAlexandreia
(Alexandria)
97%
100kAthenai
(Athens)
96%
25kByzantion
(Istanbul)
84%
35kLakedaimon
(Sparta)
84%
50kHierosolyma
(Jerusalem)
82%
100kBabylon
74%
30kDamaskos
(Damascus)
72%
40kRodos
(Rhodes)
69%
25kHeliopolis
(Ain Shams, Cairo)
68%
70kKorinthos
(Corinth)
68%
30kSmyrna
(İzmir)
65%
100kMemphis
61%
20kPella
44%
40kEphesos
(Selçuk)
43%
30kKyrene
(Shahhat)
40%
70kSousa
(Shush)
38%
40kArgos
36%
50kMarakanda
(Samarkand)
35%
35kHalikarnassos
(Bodrum)
34%
75kAgbatana
(Hamadan)
29%
30kBactra
(Balkh)
28%
30kMegara
28%
20kPaphos
28%
30kSamos
(Pythagoreio)
27%
30kSardis
(Sart)
27%
30kPiraeus
26%
20kTarsos
(Tarsus)
26%
20kKos
25%
30kOrkhoe
(Uruk)
25%
20kArbela
(Erbil)
24%
20kMiletos
(Balat)
24%
25kDelos
19%
30kElis
19%
20kMytilini
(Mytilene)
19%
30kEdessa
15%
20kMegalopolis
(Megalopoli)
15%
25kAmbracia
(Arta)
14%
45kAmphipolis
(Amfipoli)
14%
50kTaxila
13%
20kMessene
(Mavrommati)
12%
20kMyra
(Demre)
11%
35kSicyon
(Sikyona)
11%
40kTegea
11%
25kKlazomenai
(Urla)
10%
25kMantineia
10%
30kAmastris
(Amasra)
9%
25kErythrai
(Ildır)
8%
20kKoroneia
8%
40kMaroneia
8%
30kIstakhr
7%
40kPhigalia
(Figaleia)
6%

Score Distribution

Percentile by Number Answered

Percent of People with Each Score

Your Score History

You have not taken this quiz